000 01292nam a2200325 a 4500
001 000040820
005 20201002034414.0
008 130902s1984 sp c 000 0bspa d
020 _a8434581574
_8v. 1
020 _a8434581582
_8v. 2
040 _aDO-SdBNP
_bspa
_cBNPHU
082 _a150.1952
_bF889E
100 1 _aErnest Jones
_967239
240 1 0 _aThe life and work of Sigmun Freud
_lspa
245 1 0 _aFreud /
_cErnest Jones; prólogo, C. Castilla del Pino; introducción, Lionel Trilling; traducción, Mario Carlisky, José Cano Tembleque.
260 _aBarcelona :
_bSalvat,
_c1984.
300 _a2 v. :
_bretrs. ;
_c20 cm.
490 1 _aBiblioteca Salvat de grandes biografías
_v12
490 1 _aBiblioteca Salvat de grandes biografías
_v13
504 _aBibliografía p: 580
_bv. 2
600 1 4 _aFREUD, SIGMUND,
_d1856-1939
_935138
650 4 _aPsicoanalistas
_zAustria
_vBIOGRAFÍAS
_967240
700 1 2 _aCastilla del Pino, C.
_d1922-2009
_eprol.
_967241
700 1 2 _aCarlisky, Mario
_etrad.
_967242
700 1 2 _aCano Tembleque, José
_etrad.
_967243
700 1 2 _aTrilling, Lionel
_eintr.
_967244
830 0 _aBiblioteca Salvat de grandes biografías
_v12
_942025
830 0 _aBiblioteca Salvat de grandes biografías
_v13
_942025
910 _aValidado. Control de calidad MFF
999 _c40310
_d40310